000 01246cam a2200337 a 4500
001 15317404
003 OSt
005 20260313114142.0
008 080605s2008 miu b 000 0 eng
010 _a 2008024788
020 _a9780801071539
_qpbk.
035 _a15317404
040 _aDLC
_cDLC
_dDLC
050 0 0 _aBV652.2
_b.S42 2008
082 0 0 _a253/.7
_222
100 1 _aSearch, Bill,
_d1971-
245 1 0 _aSimple small groups :
_ba user-friendly guide for small group leaders /
_cBill Search.
260 _aGrand Rapids, Mich. :
_bBaker Books,
_cc2008.
300 _a191 p. ;
_c22 cm.
336 _atext
_btxt
_2rdacontent
337 _aunmediated
_bn
_2rdamedia
338 _avolume
_bnc
_2rdacarrier
504 _aIncludes bibliographical references (p. 187-190).
650 0 _aChurch group work.
650 0 _aSmall groups
_xReligious aspects
_xChristianity.
856 4 1 _3Table of contents only
_uhttp://www.loc.gov/catdir/toc/ecip0820/2008024788.html
906 _a7
_bcbc
_corignew
_d1
_eecip
_f20
_gy-gencatlg
942 _2lcc
_cBK
999 _c21366
_d21365